000 00492nam a2200169 a 4500
005 20140310183340.0
008 070512s19uu xx 00 eng d
020 _a971899517X
050 _aZ 286
_b.D459 1999
245 _aDesktop publishing and printing dictionary /
260 _aCubao, Quezon City :
_bPsiCom Publishing,
_c1999.
300 _a96 p. :
_c23 cm.
650 _aPrinting
_xDictionaries.
650 _aDesktop publishing
_xDictionaries.
942 _cBK
_2lcc
999 _c21781
_d21781